000 00317nam a22001457a 4500
008 210309b ||||| |||| 00| 0 eng d
020 _a9780838525463
041 _aeng
080 _21st
_a616
082 _a616
100 _a9
101 _aPATFIZ
245 _aFluid & Electrolytes
_cCogan, M.G
942 _2udc
_cBK
999 _c56082
_d56082